Set 8.5 : TFT - Statistiques

Statistiques générales
  • Ce quiz a été pris 54 fois
  • Le résultat moyen est 48 sur 153
Statistiques - réponses
Réponse % Correct
Projet / LaserCorps Ashe
55%
Section Anima / Anima squad Miss Fortune
55%
Duelliste / Duelist | Projet / LaserCorps Yasuo
55%
Farceur / Prankster | Section Anima / Anima squad Jinx
52%
Ace | QuickDraw Miss Fortune
52%
Gardien des étoiles / Star Guardian | Lanceuse de sort / Spellslinger Lux
48%
Aegis | Combattant / Brawler | Gangster / Underground Vi
48%
Menace / Threat Aatrox
45%
Auroch / Ox force | Lanceuse de sort / Spellslinger | Super-Ado / Gadgeteen Annie
45%
Gangster / Underground | Parallele | QuickDraw Ezreal
45%
Combattant / Brawler | Projet / LaserCorps Renekton
45%
Synergies Combattant / Brawler
42%
Gardien des étoiles / Star Guardian | QuickDraw Kai'Sa
42%
Duelliste / Duelist | Gangster / Underground Kayle
42%
Aegis | Mecha PRIMORDIAL / Mecha: Prime | Renégat / Renegade Leona
42%
Ace | Projet / LaserCorps Mordekaiser
42%
Menace / Threat Morgana
42%
Synergies Section Anima / Anima squad
42%
Gangster / Underground | Lanceuse de sort / Spellslinger | Soutien / Heart Sona
42%
Menace / Threat Urgot
42%
Multivers / InfiniTeam | QuickDraw | Renégat / Renegade Lucian
39%
Soutien / Heart | Super-Ado / Gadgeteen Lulu
39%
Duelliste / Duelist | Gardien des étoiles / Star Guardian Nilah
39%
Menace / Threat Aurelion Sol
35%
Synergies Duelliste / Duelist
35%
Corrompu / Corrupted | Menace / Threat Fiddlesticks
35%
Combattant / Brawler | Soutien / Heart | Super / Supers Lee Sin
35%
Synergies Projet / LaserCorps
35%
Menace / Threat Rammus
35%
Ace | Franc-tireur / Sureshot | Gangster / Underground Samira
35%
Duelliste / Duelist | Lanceuse de sort / Spellslinger | Multivers / InfiniTeam Twisted Fate
35%
Duelliste / Duelist | Section Anima / Anima squad Vayne
35%
Ace | Mecha PRIMORDIAL / Mecha: Prime Draven
32%
Duelliste / Duelist | Super / Supers Gangplank
32%
Miss Météo / Forecaster Janna
32%
Marchefaille / Riftwalker | Renégat / Renegade Jhin
32%
Mascotte / Mascot | Super / Supers Malphite
32%
Synergies Menace / Threat
32%
Mascotte / Mascot | Section Anima / Anima squad Nasus
32%
Renégat / Renegade | Section Anima / Anima squad Sylas
32%
Auroch / Ox force | Renégat / Renegade Viego
32%
Combattant / Brawler | Programme / Admin | Projet / LaserCorps Warwick
32%
Aegis | Auroch / Ox force | Mascotte / Mascot Alistar
29%
Menace / Threat Bel'Veth
29%
Combattant / Brawler | Programme / Admin Blitzcrank
29%
Aegis | Farceur / Prankster | Gardien des étoiles / Star Guardian Ekko
29%
Synergies Gardien des étoiles / Star Guardian
29%
Défenseur / Defender | Super-Ado / Gadgeteen Poppy
29%
Défenseur / Defender | Hacker | Multivers / InfiniTeam Shen
29%
Programme / Admin | Renégat / Renegade Camille
26%
Auroch / Ox force | Duelliste / Duelist Fiora
26%
Hacker | Lanceuse de sort / Spellslinger | Programme / Admin Leblanc
26%
Gardien des étoiles / Star Guardian | Lanceuse de sort / Spellslinger Neeko
26%
Mascotte / Mascot | Super-Ado / Gadgeteen Nunu
26%
Hacker | Marchefaille / Riftwalker Pyke
26%
Combattant / Brawler | Défenseur / Defender | Section Anima / Anima squad Riven
26%
Franc-tireur / Sureshot | Multivers / InfiniTeam Sivir
26%
Défenseur / Defender | Mecha PRIMORDIAL / Mecha: Prime Wukong
26%
Synergies Auroch / Ox force
23%
Franc-tireur / Sureshot | Multivers / InfiniTeam | Parallele Ezreal Ultime / Ultimate Ezreal
23%
Synergies Farceur / Prankster
23%
Farceur / Prankster | Super-Ado / Gadgeteen Gnar
23%
Combattant / Brawler | Mecha PRIMORDIAL / Mecha: Prime Jax
23%
Synergies Mascotte / Mascot
23%
Synergies Programme / Admin
23%
Marchefaille / Riftwalker | Mascotte / Mascot Vex
23%
Synergies Ace
19%
Multivers / InfiniTeam | Soutien / Heart Pantheon
19%
Défenseur / Defender | Gardien des étoiles / Star Guardian Rell
19%
Synergies Soutien / Heart
19%
Synergies Super-Ado / Gadgeteen
19%
Gardien des étoiles / Star Guardian | Soutien / Heart Syndra
19%
Synergies Multivers / InfiniTeam
16%
Synergies Super / Supers
16%
Synergies Aegis
13%
Synergies Franc-tireur / Sureshot
13%
Synergies Lanceuse de sort / Spellslinger
13%
Synergies Miss Météo / Forecaster
13%
Synergies Renégat / Renegade
13%
Synergies Défenseur / Defender
10%
Synergies Gangster / Underground
10%
Synergies Hacker
10%
Synergies Parallele
10%
Synergies Corrompu / Corrupted
6%
Synergies Mecha PRIMORDIAL / Mecha: Prime
6%
Synergies Marchefaille / Riftwalker
3%
Synergies QuickDraw
3%
Aucun quiz correspondant
Distribution des résultats
% des personnes avec chaque résultat
Percentile par nombre de réponses
Votre historique - résultats
Vous n’avez pas pris ce quiz